| 000 | 00443nam a2200181 4500 | ||
|---|---|---|---|
| 003 | LK-CoMWRAF | ||
| 005 | 20230906213745.0 | ||
| 008 | 230906b1994 |||||||| |||| 00| 0 eng d | ||
| 020 | _a0451183266 | ||
| 040 |
_aLK-CoMWRAF _dLK-CoMWRAF _eLK-CoMWRAF |
||
| 041 | _aeng | ||
| 082 |
_a823 _bMAR |
||
| 100 | _aMartin, Steve | ||
| 245 | _aA Simple twist of fate | ||
| 260 |
_aLondon : _bSignet, _c1994 |
||
| 650 | _aEnglish Fiction | ||
| 942 | _cBK | ||
| 999 |
_c3440 _d3440 |
||